00826 2200241 4500001002100000005001700021008004100038035002400079090001900103100002000122245015800142250001100300260002700311300003000338500007300368650004800441700002500489700001900514850001500533980001500548985000600563999001500569YOGYA-0209000002197620090227023608.0 ind  0010-020900000021976 a297.912bNum U aNU'MANI, Syibli aUmar yang agungbsejarah dan analisa kepemimpinan khalifah 11coleh, Syibli Nu'mani ; diterjemahkan oleh, Karsijo Joyosumarno ; penyunting, Ammar Haryono aCet. 1 aBandungbPustakac1981 axxx, 568 hlmbilusc21 cm aJudul asli : Al farooq life of Omar the great second caliph of Islam aIslam - Sejarah - Masa Umar ibnu Khathab RA aJoyosumarno, Karsijo aHaryono, Ammar aYOPDYOG(B) a12-26-2006 a1 a06A0015484